[Event "SVK-chT1W 2223"]
[Site "Slovakia"]
[Date "2022.11.05"]
[Round "3.2"]
[White "Pechac, Jergus"]
[Black "Janko, Michal"]
[Result "1-0"]
[WhiteElo "2624"]
[BlackElo "2225"]
[PlyCount "39"]
[EventDate "2022.10.15"]
[EventType "team-tourn"]
[EventRounds "11"]
[EventCountry "SVK"]
[SourceTitle "EXT 2024"]
[Source "ChessBase"]
[SourceDate "2023.10.10"]
[SourceVersion "1"]
[SourceVersionDate "2023.10.10"]
[SourceQuality "1"]
[WhiteTeam "Bratislava KSN"]
[BlackTeam "Bratislava Lokomotiva"]
[WhiteTeamCountry "SVK"]
[BlackTeamCountry "SVK"]

1. e4 d6 2. d4 g6 3. Nc3 Bg7 4. Bc4 a6 5. Bb3 Nc6 6. Be3 Na5 7. Qd2 Nxb3 8. axb3 e5 9. Nge2 Nf6 10. Bh6 Bxh6 11. Qxh6 Ng4 12. Qd2 Qh4 13. g3 Qh3 14. Nd5 0-0 15. f3 Nxh2 16. 0-0-0 Nxf3 17. Qe3 Nh2 18. Qg1 f5 19. Rxh2 Qg4 20. dxe5 1-0

[Event "SVK-chT1W 1920"]
[Site "Slovakia"]
[Date "2020.06.21"]
[Round "11.3"]
[White "Kukel, Imre1111"]
[Black "Janko, Michal"]
[Result "0-1"]
[WhiteElo "2244"]
[BlackElo "2233"]
[PlyCount "74"]
[EventDate "2019.10.12"]
[EventType "team-tourn"]
[EventRounds "11"]
[EventCountry "SVK"]
[SourceTitle "EXT 2022"]
[Source "ChessBase"]
[SourceDate "2021.10.06"]
[SourceVersion "1"]
[SourceVersionDate "2021.10.06"]
[SourceQuality "1"]
[WhiteTeam "Komarno"]
[BlackTeam "Bratislava Lokomotiva"]
[WhiteTeamCountry "SVK"]
[BlackTeamCountry "SVK"]

1. e4 d6 2. d4 Nf6 3. Nc3 e5 4. Nf3 Nbd7 5. Bc4 Be7 6. 0-0 c6 7. a4 Qc7 8. a5 h6 9. Re1 g5 10. dxe5 dxe5 11. Bxg5 hxg5 12. Nxg5 Rf8 13. g4 Nc5 14. Bxf7+ Rxf7 15. Nxf7 Kxf7 16. g5 Bg4 17. f3 Bh3 18. f4 Rg8 19. Kh1 exf4 20. Rg1 Bg4 21. Rxg4 Nxg4 22. Qxg4 Rxg5 23. Qh3 Qe5 24. Rf1 Ne6 25. a6 b6 26. Qd3 Nc5 27. Qf3 Bd6 28. b4 Ne6 29. Rd1 Ke7 30. Ne2 Bxb4 31. Qd3 Bd6 32. Ng1 Nc5 33. Qh3 Nxe4 34. Qf3 Nc3 35. Nh3 Nxd1 36. Nxg5 Qxg5 37. Qxd1 Kd7 0-1

[Event "SVK-chT1W 1718"]
[Site "Slovakia"]
[Date "2017.11.05"]
[Round "4.3"]
[White "Janko, Michal"]
[Black "Karas, Marek"]
[Result "1-0"]
[WhiteElo "2261"]
[BlackElo "2240"]
[PlyCount "119"]
[EventDate "2017.10.21"]
[EventType "team-tourn"]
[EventRounds "11"]
[EventCountry "SVK"]
[SourceTitle "CBM 181 Extra"]
[Source "ChessBase"]
[SourceDate "2017.12.12"]
[SourceVersion "1"]
[SourceVersionDate "2017.12.12"]
[SourceQuality "1"]
[WhiteTeam "Gabcikovo Russel"]
[BlackTeam "Bratislava KSN"]
[WhiteTeamCountry "SVK"]
[BlackTeamCountry "SVK"]

1. e4 e6 2. d4 d5 3. Nc3 Nf6 4. e5 Nfd7 5. Nce2 c5 6. c3 Nc6 7. f4 Be7 8. Nf3 0-0 9. g3 f6 10. Bh3 fxe5 11. dxe5 Nb6 12. 0-0 Qe8 13. a4 Bd7 14. a5 Nc4 15. a6 Nb6 16. axb7 Rb8 17. b4 Rxb7 18. bxc5 Bxc5+ 19. Ned4 Nc4 20. Qd3 Nxd4 21. cxd4 Be7 22. Rf2 a5 23. Nd2 Nxd2 24. Bxd2 Bb4 25. Qa6 Rb8 26. Bxb4 axb4 27. Qd6 b3 28. Rb2 Qc8 29. Rab1 Rf7 30. Rxb3 Rxb3 31. Rxb3 Qc1+ 32. Bf1 g5 33. Qa3 Qxa3 34. Rxa3 gxf4 35. g4 h5 36. h3 hxg4 37. hxg4 Kg7 38. Kf2 Kh6 39. Rh3+ Kg7 40. Bd3 Kg8 41. Kf3 Ba4 42. Rh1 Rf8 43. Ra1 Bb3 44. g5 Bc4 45. Bc2 Bb5 46. Ra5 Be8 47. g6 Bc6 48. Bd3 Ra8 49. Rxa8+ Bxa8 50. Bb5 Kg7 51. Be8 Bb7 52. Kxf4 Kh6 53. Bd7 Kxg6 54. Bxe6 Bc6 55. Bc8 Ba8 56. Bd7 Kf7 57. Kf5 Bb7 58. e6+ Ke7 59. Ke5 Ba8 60. Ba4 1-0

[Event "SVK-chT1W 1617"]
[Site "Slovakia"]
[Date "2017.03.18"]
[Round "10.4"]
[White "Janos, Martin"]
[Black "Janko, Michal"]
[Result "1/2-1/2"]
[WhiteElo "2217"]
[BlackElo "2247"]
[PlyCount "141"]
[EventDate "2016.10.15"]
[EventType "team-tourn"]
[EventRounds "11"]
[EventCountry "SVK"]
[SourceTitle "EXT 2019"]
[Source "ChessBase"]
[SourceDate "2018.10.10"]
[SourceVersion "1"]
[SourceVersionDate "2018.10.10"]
[SourceQuality "1"]
[WhiteTeam "Bratislava Slovan II"]
[BlackTeam "Gabcikovo Russel"]
[WhiteTeamCountry "SVK"]
[BlackTeamCountry "SVK"]

1. e4 c5 2. Nf3 d6 3. b4 cxb4 4. d4 d5 5. exd5 Nf6 6. Ne5 Nxd5 7. Bb5+ Nd7 8. Qf3 N5f6 9. 0-0 a6 10. Bxd7+ Bxd7 11. Qxb7 Rb8 12. Qf3 Bb5 13. c4 bxc3 14. Re1 e6 15. Nxc3 Bb4 16. Bg5 h6 17. Nxb5 hxg5 18. Nc6 Qb6 19. Nxb4 Qxb5 20. Nd3 Qd5 21. Qg3 0-0 22. Ne5 Rb2 23. Qxg5 Qxd4 24. Qe3 Rd8 25. Nf3 Qxe3 26. Rxe3 Ng4 27. Rb3 Rxa2 28. Rf1 a5 29. h3 Nf6 30. Rb7 Ne4 31. Ne5 f6 32. Nd7 Rd2 33. Nb6 Rb2 34. Rc1 Nd6 35. Rd7 Rxd7 36. Nxd7 Rb7 37. Nc5 Rc7 38. Rd1 Rxc5 39. Rxd6 Kf7 40. Ra6 Rc1+ 41. Kh2 Ra1 42. h4 e5 43. Kg3 Ra3+ 44. Kg4 Ra4+ 45. Kg3 Kg6 46. Ra7 Ra3+ 47. Kh2 f5 48. f3 Ra2 49. Kh3 Ra3 50. h5+ Kxh5 51. Rxg7 a4 52. Kg3 Rb3 53. Kf2 f4 54. Re7 Re3 55. g3 a3 56. Ra7 Rb3 57. gxf4 exf4 58. Kg2 Kh4 59. Rh7+ Kg5 60. Ra7 Kh5 61. Rh7+ Kg6 62. Ra7 Kf6 63. Kh3 Rxf3+ 64. Kg4 Rb3 65. Kxf4 Ke6 66. Ke4 Kd6 67. Kd4 Kc6 68. Kc4 Rh3 69. Kb4 Kb6 70. Rxa3 Rxa3 71. Kxa3 1/2-1/2

[Event "SVK-chT1W 1617"]
[Site "Slovakia"]
[Date "2017.01.22"]
[Round "7.4"]
[White "Pereszlenyi, Gejza"]
[Black "Janko, Michal"]
[Result "0-1"]
[WhiteElo "1892"]
[BlackElo "2247"]
[PlyCount "70"]
[EventDate "2016.10.15"]
[EventType "team-tourn"]
[EventRounds "11"]
[EventCountry "SVK"]
[SourceTitle "EXT 2018"]
[Source "ChessBase"]
[SourceDate "2017.10.13"]
[SourceVersion "1"]
[SourceVersionDate "2017.10.13"]
[SourceQuality "1"]
[WhiteTeam "Nitra NSK"]
[BlackTeam "Gabcikovo Russel"]
[WhiteTeamCountry "SVK"]
[BlackTeamCountry "SVK"]

1. d4 d6 2. e4 g6 3. Nf3 Bg7 4. c3 Nf6 5. Bd3 0-0 6. 0-0 Nc6 7. Re1 e5 8. d5 Ne7 9. Nbd2 Nd7 10. Nf1 f5 11. Bg5 h6 12. Bxe7 Qxe7 13. exf5 gxf5 14. Ng3 Nb6 15. Bc2 Bd7 16. h3 a5 17. a4 Rae8 18. b4 axb4 19. a5 Nc8 20. cxb4 e4 21. Ra3 Na7 22. Ba4 Bxa4 23. Qxa4 Qf7 24. Nd2 Qxd5 25. Qb3 Qxb3 26. Rxb3 Nb5 27. Ngf1 d5 28. Rg3 Kh7 29. f4 Bd4+ 30. Ne3 Bxe3+ 31. Rexe3 d4 32. Re1 d3 33. Nc4 Nd4 34. Kh2 Nc2 35. Rd1 e3 0-1

[Event "SVK-chT1W 1617"]
[Site "Slovakia"]
[Date "2016.12.10"]
[Round "5.4"]
[White "Szucs, Vladimir"]
[Black "Janko, Michal"]
[Result "1/2-1/2"]
[WhiteElo "2159"]
[BlackElo "2247"]
[PlyCount "24"]
[EventDate "2016.10.15"]
[EventType "team-tourn"]
[EventRounds "11"]
[EventCountry "SVK"]
[SourceTitle "EXT 2018"]
[Source "ChessBase"]
[SourceDate "2017.10.13"]
[SourceVersion "1"]
[SourceVersionDate "2017.10.13"]
[SourceQuality "1"]
[WhiteTeam "Podhajska Termal"]
[BlackTeam "Gabcikovo Russel"]
[WhiteTeamCountry "SVK"]
[BlackTeamCountry "SVK"]

1. d4 g6 2. c4 Bg7 3. e4 d6 4. Nc3 Nf6 5. Nf3 0-0 6. Be2 e5 7. dxe5 dxe5 8. Qxd8 Rxd8 9. Bg5 Re8 10. Nd5 Nxd5 11. cxd5 c6 12. Bc4 cxd5 1/2-1/2

[Event "Tatry op"]
[Site "Tatranske Zruby"]
[Date "2016.09.28"]
[Round "6"]
[White "Janko, Michal"]
[Black "Hladik, Lumir"]
[Result "1/2-1/2"]
[WhiteElo "2239"]
[BlackElo "2021"]
[PlyCount "74"]
[EventDate "2016.09.24"]
[EventType "swiss"]
[EventRounds "9"]
[EventCountry "SVK"]
[SourceTitle "CBM 174 Extra"]
[Source "ChessBase"]
[SourceDate "2016.10.10"]
[SourceVersion "1"]
[SourceVersionDate "2016.10.10"]
[SourceQuality "1"]

1. e4 c6 2. d4 d5 3. Nd2 dxe4 4. Nxe4 Bf5 5. Ng3 Bg6 6. h4 h6 7. Nf3 Nd7 8. h5 Bh7 9. Bd3 Bxd3 10. Qxd3 e6 11. Bd2 Qc7 12. 0-0-0 Ngf6 13. Ne4 Nxe4 14. Qxe4 Nf6 15. Qe2 0-0-0 16. g3 c5 17. Bf4 Bd6 18. Bxd6 Rxd6 19. dxc5 Rxd1+ 20. Rxd1 Qxc5 21. Ne5 Qc7 22. Rd4 Kb8 23. Qd2 Nd5 24. f4 Rd8 25. Kb1 f6 26. Nf3 Rc8 27. c4 Nb6 28. b3 e5 29. fxe5 fxe5 30. Re4 Nd7 31. Qe2 Re8 32. g4 Qc5 33. Kc2 Qa5 34. Kb2 Qb6 35. Kc2 Qa5 36. Kb2 Qb6 37. Kc2 Qa5 1/2-1/2

[Event "Banska Stiavnica V4 op"]
[Site "Banska Stiavnica"]
[Date "2016.07.06"]
[Round "5"]
[White "Janko, Michal"]
[Black "Lecky, Juraj"]
[Result "1-0"]
[WhiteElo "2241"]
[BlackElo "2082"]
[PlyCount "141"]
[EventDate "2016.07.02"]
[EventType "swiss"]
[EventRounds "9"]
[EventCountry "SVK"]
[SourceTitle "CBM 173 Extra"]
[Source "ChessBase"]
[SourceDate "2016.08.29"]
[SourceVersion "1"]
[SourceVersionDate "2016.08.29"]
[SourceQuality "1"]

1. e4 c5 2. Nf3 d6 3. d4 cxd4 4. Nxd4 Nf6 5. Nc3 a6 6. g3 e5 7. Nb3 Be6 8. Bg2 Nbd7 9. 0-0 Be7 10. a4 b6 11. Re1 Qc7 12. Nd2 0-0 13. Nf1 Rfc8 14. Ne3 Rab8 15. Qe2 Qb7 16. Rd1 Bf8 17. Ncd5 Bxd5 18. Nxd5 Nxd5 19. Rxd5 Rc5 20. Rd1 Rbc8 21. c3 R5c7 22. Bh3 Rb8 23. Bxd7 Rxd7 24. Rd5 Rc7 25. Be3 Rbc8 26. f3 Rc4 27. Qd1 Kh8 28. Qb3 R4c6 29. Rad1 Kg8 30. Kg2 Re8 31. R1d2 Qc7 32. Kg1 h6 33. Kg2 Kh8 34. Rf2 Kg8 35. Rd1 Qb7 36. Rd5 Qc7 37. Rf1 Kh8 38. Rd2 Rb8 39. Rd5 Be7 40. Rfd1 Kg8 41. f4 Bf6 42. f5 Rc4 43. Rxd6 Rxe4 44. Rd7 Qc4 45. Qxc4 Rxc4 46. Ra7 Rxa4 47. Rdd7 Ra2 48. Rxf7 Rxb2+ 49. Kh3 Rf8 50. Rxf8+ Kxf8 51. Rxa6 Rb3 52. Bxb6 Rxc3 53. Ba5 Rc8 54. Kg4 Re8 55. Bb4+ Kf7 56. Ra7+ Kg8 57. Kh5 Kh7 58. h4 e4 59. g4 e3 60. g5 hxg5 61. hxg5 Bd4 62. Rd7 e2 63. Rxd4 e1B 64. Bxe1 g6+ 65. fxg6+ Kg8 66. Bc3 Rc8 67. Rd3 Rf8 68. g7 Re8 69. Rf3 Kh7 70. Rf8 Rxf8 71. gxf8N+ 1-0

[Event "SVK-chT1W 1516"]
[Site "Slovakia"]
[Date "2016.03.20"]
[Round "11.2"]
[White "Bango, Lukas"]
[Black "Janko, Michal"]
[Result "1-0"]
[WhiteElo "2078"]
[BlackElo "2258"]
[PlyCount "69"]
[EventDate "2015.10.24"]
[EventType "team-tourn"]
[EventRounds "11"]
[EventCountry "SVK"]
[SourceTitle "EXT 2017"]
[Source "ChessBase"]
[SourceDate "2016.10.25"]
[SourceVersion "1"]
[SourceVersionDate "2016.10.25"]
[SourceQuality "1"]
[WhiteTeam "Trnava Lokomotiva"]
[BlackTeam "Gabcikovo"]
[WhiteTeamCountry "SVK"]
[BlackTeamCountry "SVK"]

1. d4 d6 2. e4 g6 3. Nc3 Bg7 4. Be3 a6 5. f3 b5 6. Qd2 Nd7 7. 0-0-0 Bb7 8. h4 h5 9. Nge2 c6 10. g4 hxg4 11. fxg4 b4 12. Nb1 c5 13. dxc5 dxc5 14. Ng3 Ngf6 15. g5 Ng4 16. Bh3 Nge5 17. h5 e6 18. h6 Bf8 19. Bf4 Qa5 20. Rhf1 0-0-0 21. Bxe5 Nxe5 22. Qf4 Rxd1+ 23. Rxd1 Qc7 24. Qf6 Rh7 25. Bxe6+ Kb8 26. Qd8+ Qxd8 27. Rxd8+ Ka7 28. Rxf8 fxe6 29. Rf6 Bc8 30. Ne2 Rf7 31. Nd2 Rxf6 32. gxf6 Nf7 33. h7 Bb7 34. Nf3 Bxe4 35. Ng5 1-0

[Event "SVK-chT1W 1516"]
[Site "Slovakia"]
[Date "2016.03.19"]
[Round "10.3"]
[White "Cajka, Tibor"]
[Black "Janko, Michal"]
[Result "0-1"]
[WhiteElo "2135"]
[BlackElo "2258"]
[PlyCount "86"]
[EventDate "2015.10.24"]
[EventType "team-tourn"]
[EventRounds "11"]
[EventCountry "SVK"]
[SourceTitle "EXT 2017"]
[Source "ChessBase"]
[SourceDate "2016.10.25"]
[SourceVersion "1"]
[SourceVersionDate "2016.10.25"]
[SourceQuality "1"]
[WhiteTeam "Osuske"]
[BlackTeam "Gabcikovo"]
[WhiteTeamCountry "SVK"]
[BlackTeamCountry "SVK"]

1. e4 Nf6 2. Nc3 d5 3. e5 Ne4 4. Qf3 Nxc3 5. Qxc3 e6 6. d4 b6 7. Be3 Qd7 8. Bd3 Ba6 9. Ne2 Be7 10. 0-0 0-0 11. a3 c5 12. Bxa6 Nxa6 13. Qd3 Nc7 14. f4 Qb5 15. Qd2 Rac8 16. f5 exf5 17. Ng3 g6 18. Bh6 Qxb2 19. Ne2 Qb5 20. Ng3 Ne6 21. Nxf5 gxf5 22. Rxf5 Qb2 23. Re1 Qxd4+ 24. Qxd4 Nxd4 25. Rf4 Rc6 26. Bxf8 Bxf8 27. c3 Ne6 28. Ra4 a5 29. Rg4+ Bg7 30. Rd1 d4 31. c4 Kf8 32. Rh4 Kg8 33. Rh5 Nf4 34. Rf5 Ng6 35. Rdf1 Nxe5 36. h4 Re6 37. g4 d3 38. g5 d2 39. h5 Nxc4 40. g6 hxg6 41. hxg6 fxg6 42. Rd5 Bd4+ 43. Kh1 Re1 0-1

[Event "SVK-chT2B 1516"]
[Site "Slovakia"]
[Date "2016.03.12"]
[Round "10.4"]
[White "Janko, Michal"]
[Black "Gazik, Igor"]
[Result "1-0"]
[WhiteElo "2229"]
[BlackElo "2301"]
[PlyCount "83"]
[EventDate "2015.10.17"]
[EventType "team-tourn"]
[EventRounds "11"]
[EventCountry "SVK"]
[SourceTitle "EXT 2019"]
[Source "ChessBase"]
[SourceDate "2018.10.10"]
[SourceVersion "1"]
[SourceVersionDate "2018.10.10"]
[SourceQuality "1"]
[WhiteTeam "Surany Lokomotiva"]
[BlackTeam "Bojnice SK PRM"]
[WhiteTeamCountry "SVK"]
[BlackTeamCountry "SVK"]

1. d4 g6 2. e4 Bg7 3. Nc3 c6 4. h3 b5 5. g4 d5 6. e5 e6 7. Be3 a5 8. Nge2 a4 9. a3 Nd7 10. Ng3 Nb6 11. Bg2 Nc4 12. Bc1 Qb6 13. b3 axb3 14. cxb3 Na5 15. 0-0 f6 16. Be3 Ne7 17. Rb1 0-0 18. exf6 Bxf6 19. Qd2 Bg7 20. Rfe1 Qc7 21. Nge2 Qd6 22. Qc1 b4 23. axb4 Qxb4 24. Qc2 Ba6 25. Na4 Nb7 26. Nf4 e5 27. Ne6 exd4 28. Bd2 Qd6 29. Nxf8 Rxf8 30. Bg5 Nc8 31. Rbc1 h6 32. Bh4 d3 33. Qd2 c5 34. Bg3 Qc6 35. Nxc5 Nxc5 36. b4 Nb3 37. Rxc6 Nxd2 38. Bxd5+ Kh8 39. Rxa6 Nf3+ 40. Bxf3 Rxf3 41. Rd1 Bc3 42. Rc6 1-0

[Event "SVK-chT2B 1516"]
[Site "Slovakia"]
[Date "2016.02.13"]
[Round "8.1"]
[White "Kalisky, Vladimir"]
[Black "Janko, Michal"]
[Result "1-0"]
[WhiteElo "2235"]
[BlackElo "2260"]
[PlyCount "116"]
[EventDate "2015.10.17"]
[EventType "team-tourn"]
[EventRounds "11"]
[EventCountry "SVK"]
[SourceTitle "EXT 2019"]
[Source "ChessBase"]
[SourceDate "2018.10.10"]
[SourceVersion "1"]
[SourceVersionDate "2018.10.10"]
[SourceQuality "1"]
[WhiteTeam "Tlmace NSK"]
[BlackTeam "Surany Lokomotiva"]
[WhiteTeamCountry "SVK"]
[BlackTeamCountry "SVK"]

1. e4 c5 2. Nf3 d6 3. d4 cxd4 4. Nxd4 Nf6 5. Nc3 a6 6. Be3 e6 7. Qd2 Be7 8. f3 Nc6 9. 0-0-0 0-0 10. g4 Nxd4 11. Bxd4 b5 12. h4 b4 13. Na4 Rb8 14. b3 Nd7 15. g5 Ne5 16. Qf2 Qc7 17. f4 Ng4 18. Qg1 e5 19. f5 exd4 20. Qxg4 d5 21. Bd3 a5 22. e5 Qxe5 23. Rde1 Qc7 24. h5 f6 25. h6 fxg5 26. hxg7 Rf7 27. f6 Rxf6 28. Qh5 Bf5 29. Bxf5 Qf4+ 30. Kd1 Qxf5 31. Re5 Qf3+ 32. Qxf3 Rxf3 33. Rxe7 Rc8 34. Nb6 Rc6 35. Nxd5 d3 36. Rd7 Rxc2 37. Re1 Re2 38. Rxe2 dxe2+ 39. Kxe2 Rf7 40. Rxf7 Kxf7 41. Kf3 Kxg7 42. Kg4 Kg6 43. Ne7+ Kf6 44. Nc6 h5+ 45. Kxh5 Kf5 46. Nxa5 g4 47. Nc4 g3 48. Kh4 Kf4 49. Kh3 Kf3 50. Ne5+ Kf4 51. Ng6+ Kf3 52. Nh4+ Kf2 53. Kg4 Ke3 54. Kxg3 Kd3 55. Kf3 Kc3 56. Ke3 Kb2 57. Kd3 Kxa2 58. Kc2 Ka3 1-0

[Event "SVK-chT1W 1516"]
[Site "Slovakia"]
[Date "2015.12.12"]
[Round "5.2"]
[White "Hanko, Pavol"]
[Black "Janko, Michal"]
[Result "0-1"]
[WhiteElo "2144"]
[BlackElo "2258"]
[PlyCount "80"]
[EventDate "2015.10.24"]
[EventType "team-tourn"]
[EventRounds "11"]
[EventCountry "SVK"]
[SourceTitle "CBM 170 Extra"]
[Source "ChessBase"]
[SourceDate "2016.02.25"]
[SourceVersion "1"]
[SourceVersionDate "2016.02.25"]
[SourceQuality "1"]
[WhiteTeam "Prievidza"]
[BlackTeam "Gabcikovo"]
[WhiteTeamCountry "SVK"]
[BlackTeamCountry "SVK"]

1. d4 d6 2. Nf3 Bg4 3. g3 Bxf3 4. exf3 e6 5. Bg2 c6 6. 0-0 g6 7. Re1 Ne7 8. Nd2 d5 9. f4 Bg7 10. Nf3 0-0 11. h4 h5 12. b3 Qa5 13. a4 Nd7 14. Ba3 Rfe8 15. b4 Qb6 16. Bf1 Nf5 17. a5 Qc7 18. b5 Qxa5 19. bxc6 bxc6 20. Ne5 Qc7 21. c3 Nd6 22. Bd3 Nf6 23. f3 Nb5 24. Bb2 Reb8 25. Ra2 c5 26. g4 cxd4 27. cxd4 Rb7 28. Qd2 Qb6 29. Bb1 Nd6 30. f5 hxg4 31. fxg6 gxf3 32. gxf7+ Nxf7 33. Nxf3 Rab8 34. Ng5 Qd6 35. Re2 Nxg5 36. hxg5 Ne4 37. Qd3 Qg3+ 38. Qxg3 Nxg3 39. Rc2 Rxb2 40. Raxb2 Bxd4+ 0-1

[Event "SVK-chT1W 1415"]
[Site "Slovakia"]
[Date "2015.01.31"]
[Round "7.5"]
[White "Janko, Michal"]
[Black "Polacik, Igor"]
[Result "1-0"]
[WhiteElo "2280"]
[BlackElo "2173"]
[PlyCount "97"]
[EventDate "2014.10.18"]
[EventType "team-tourn"]
[EventRounds "11"]
[EventCountry "SVK"]
[SourceTitle "EXT 2016"]
[Source "ChessBase"]
[SourceDate "2015.10.08"]
[SourceVersion "1"]
[SourceVersionDate "2015.10.08"]
[SourceQuality "1"]
[WhiteTeam "Gabcikovo Russel"]
[BlackTeam "Topolciansky CVC"]
[WhiteTeamCountry "SVK"]
[BlackTeamCountry "SVK"]

1. d4 d6 2. e4 c6 3. Bd3 e5 4. c3 Nf6 5. Nf3 Qc7 6. 0-0 Be7 7. Nbd2 0-0 8. Re1 Nbd7 9. Nf1 Re8 10. Ng3 g6 11. Bg5 Kg7 12. Qd2 Ng8 13. Be3 Nf8 14. dxe5 dxe5 15. Nxe5 c5 16. Nf3 Bg4 17. Bf4 Qb6 18. Ne5 Be6 19. Qc2 g5 20. Be3 Qc7 21. Nf3 h6 22. c4 Nd7 23. Qc3+ f6 24. h4 g4 25. Bf4 Qb6 26. Nh2 Bd6 27. Rad1 Bxf4 28. Nh5+ Kf7 29. Nxf4 Ne5 30. Be2 Ne7 31. b3 Rg8 32. Qe3 N7c6 33. Rd6 Rae8 34. Red1 Qa5 35. Nxe6 Rxe6 36. Qxh6 Nd4 37. Qh7+ Rg7 38. Qh5+ Ke7 39. Rxe6+ Nxe6 40. Bxg4 Nd4 41. Qh8 Rf7 42. Bh5 Qxa2 43. Bxf7 Nxf7 44. Qc8 b6 45. Ng4 Qxb3 46. Ne3 Nd6 47. Nd5+ Kf7 48. Qd7+ Kg6 49. Rxd4 1-0

[Event "SVK-chT1W 1415"]
[Site "Slovakia"]
[Date "2015.01.10"]
[Round "5.5"]
[White "Janko, Michal"]
[Black "Berek, Geza"]
[Result "1/2-1/2"]
[WhiteElo "2280"]
[BlackElo "2143"]
[PlyCount "35"]
[EventDate "2014.10.18"]
[EventType "team-tourn"]
[EventRounds "11"]
[EventCountry "SVK"]
[SourceTitle "EXT 2016"]
[Source "ChessBase"]
[SourceDate "2015.10.08"]
[SourceVersion "1"]
[SourceVersionDate "2015.10.08"]
[SourceQuality "1"]
[WhiteTeam "Gabcikovo Russel"]
[BlackTeam "Komarno KSC"]
[WhiteTeamCountry "SVK"]
[BlackTeamCountry "SVK"]

1. b3 e5 2. Bb2 d6 3. e3 Nf6 4. c4 g6 5. g3 Bg7 6. Bg2 0-0 7. Ne2 Re8 8. Nbc3 c6 9. d4 e4 10. 0-0 h5 11. h3 Nbd7 12. a4 Nf8 13. a5 N8h7 14. Nf4 Bf5 15. b4 Qd7 16. Kh2 d5 17. cxd5 Nxd5 18. Ncxd5 1/2-1/2